Central Library OPAC University of Rajshahi

পার্বত্য চট্রগ্রামের উপজাতি / (Record no. 68035)

MARC details
000 -LEADER
fixed length control field 01027nam a2200241 a 4500
001 - CONTROL NUMBER
control field 68035
003 - CONTROL NUMBER IDENTIFIER
rucl marc code BD-RjUL
005 - DATE AND TIME OF LATEST TRANSACTION
control field 20211209081726.0
008 - FIXED-LENGTH DATA ELEMENTS--GENERAL INFORMATION
fixed length control field 190312s1977 bg a|||| b||| 001 0 ben d
035 ## - SYSTEM CONTROL NUMBER
System control number (BD-RjUL)68244
040 ## - CATALOGING SOURCE
Original cataloging agency BD-RjUL
Language of cataloging eng
Transcribing agency BD-RjUL
041 ## - LANGUAGE CODE
Language code of text/sound track or separate title eng
082 ## - DEWEY DECIMAL CLASSIFICATION NUMBER
Edition number 23
Classification number 954.923
Author mark and year KHP 1977
100 ## - MAIN ENTRY--PERSONAL NAME
Personal name খান, সুফিয়া
9 (RLIN) 229302
245 ## - TITLE STATEMENT
Title পার্বত্য চট্রগ্রামের উপজাতি /
Statement of responsibility, etc. সুফিয়া খান
250 ## - EDITION STATEMENT
Edition statement প্রথম প্রকাশ
260 ## - PUBLICATION, DISTRIBUTION, ETC. (IMPRINT)
Place of publication, distribution, etc. ঢাকা :
Name of publisher, distributor, etc. বাংলা একাডেমী,
Date of publication, distribution, etc. ১৯৭৭
300 ## - PHYSICAL DESCRIPTION
Pagination ১৭১ পৃ. :
Illustrations চিত্র ;
Size ২১ সেমি.
500 ## - GENERAL NOTE
General note Parbotya Chattogramer Upajati : Bengali translation of Prof. Pierre Besssaignets's Tribesmen of the Chittagong Hill Tracts by Sufia Khan
504 ## - BIBLIOGRAPHY, ETC. NOTE
Bibliography, etc বিবলিওগ্রাফি সম্বিলত।
651 ## - SUBJECT ADDED ENTRY--GEOGRAPHIC NAME
Geographic name Bangladesh
Geographic subdivision Chittagong Hill Tracts (Region)
9 (RLIN) 229306
942 ## - ADDED ENTRY ELEMENTS (KOHA)
Source of classification or shelving scheme Dewey Decimal Classification
Koha item type Books
Holdings
Lost status Source of classification or shelving scheme Damaged status Not for loan Permanent Location Current Location Shelving location Date acquired Source of acquisition Cost, normal purchase price Total Checkouts Full call number Date last seen Copy number Koha item type
  Dewey Decimal Classification   Not For Loan Central Library, University of Rajshahi Central Library, University of Rajshahi Reading Room 30/06/1981 Ureka, Rajshahi 14.00   B 954.923 KHP 1977 12/03/2019 C-1 Books